| 000 | 00635nam a22002057a 4500 | ||
|---|---|---|---|
| 999 |
_c10090 _d10090 |
||
| 003 | AR-CdUCM | ||
| 008 | 190329b ||||| |||| 00| 0 spa d | ||
| 040 |
_aMUNICIPALIDAD PROVINCIAL DEL CUSCO _cBIBLIOTECA MUNICIPAL DEL CUSCO |
||
| 082 |
_aES / 800 / _bS18 |
||
| 100 |
_aSalgari, Emilio _9800 |
||
| 245 | _aEl capitan de la D´Jumna / | ||
| 260 |
_aEspaña : _bEditorial Molino, _c1959. |
||
| 300 |
_a159 páginas ; _bIlustraciones, _c19 cm. |
||
| 505 | _aContenido: Literatura de aventura. | ||
| 650 |
_aLiteratura universal _9611 |
||
| 650 |
_aAventura _91719 |
||
| 650 |
_aFicción _9184 |
||
| 942 |
_2ddc _cLIBROS |
||
| 945 | _adavv | ||